[Event "European Club Cup"]
[Site "chess24.com"]
[Date "2018.10.16"]
[Round "5"]
[White "Gorodetzky, David"]
[Black "Ashton, Adam G"]
[Result "1-0"]
[Board "1"]
[WhiteElo "2452"]
[WhiteTitle "IM"]
[WhiteCountry "ISR"]
[WhiteFideId "2813416"]
[WhiteEloChange "4"]
[BlackElo "2359"]
[BlackTitle "FM"]
[BlackCountry "ENG"]
[BlackFideId "410110"]
[BlackEloChange "-7"]

1. Nf3 {[%clk 1:30:56]} d5 {[%clk 1:30:48]} 2. e3 {[%clk 1:31:09]} Nf6 {[%clk
1:29:53]} 3. c4 {[%clk 1:26:57]} e6 {[%clk 1:29:32]} 4. d4 {[%clk 1:24:12]} c5
{[%clk 1:26:20]} 5. a3 {[%clk 1:16:59]} Nc6 {[%clk 1:14:32]} 6. dxc5 {[%clk
1:08:44]} Bxc5 {[%clk 1:09:58]} 7. b4 {[%clk 1:07:39]} Be7 {[%clk 1:10:11]} 8.
Bb2 {[%clk 1:05:14]} O-O {[%clk 1:09:28]} 9. Nbd2 {[%clk 1:03:38]} a5 {[%clk
1:02:50]} 10. b5 {[%clk 0:59:44]} Nb8 {[%clk 1:03:02]} 11. Be2 {[%clk 0:59:57]}
Nbd7 {[%clk 1:01:15]} 12. O-O {[%clk 0:58:40]} b6 {[%clk 0:53:56]} 13. Rc1 {[%clk
0:52:10]} Bb7 {[%clk 0:52:14]} 14. cxd5 {[%clk 0:48:41]} Nxd5 {[%clk 0:48:54]}
15. Nc4 {[%clk 0:48:27]} Nc5 {[%clk 0:44:06]} 16. Nd4 {[%clk 0:46:49]} Bf6 {[%clk
0:34:33]} 17. Bf3 {[%clk 0:45:46]} e5 {[%clk 0:20:02]} 18. Nc6 {[%clk 0:37:23]}
Bxc6 {[%clk 0:20:19]} 19. bxc6 {[%clk 0:37:51]} e4 {[%clk 0:19:35]} 20. Bxf6
{[%clk 0:37:09]} Nxf6 {[%clk 0:08:56]} 21. Qxd8 {[%clk 0:36:10]} Raxd8 {[%clk
0:09:21]} 22. Nxb6 {[%clk 0:28:58]} Nd3 {[%clk 0:07:36]} 23. Rc3 {[%clk 0:24:20]}
exf3 {[%clk 0:07:30]} 24. c7 {[%clk 0:23:22]} Ne4 {[%clk 0:06:16]} 25. cxd8Q
{[%clk 0:21:57]} Rxd8 {[%clk 0:06:35]} 26. Rc8 {[%clk 0:21:18]} Rxc8 {[%clk
0:06:55]} 27. Nxc8 {[%clk 0:21:46]} g5 {[%clk 0:04:58]} 28. gxf3 {[%clk 0:17:28]}
Nd2 {[%clk 0:05:16]} 29. Rd1 {[%clk 0:17:09]} Nxf3+ {[%clk 0:05:39]} 30. Kg2
{[%clk 0:16:20]} Nfe5 {[%clk 0:05:41]} 31. Ne7+ {[%clk 0:15:11]} Kg7 {[%clk
0:05:59]} 32. Nc6 {[%clk 0:14:34]} Nxf2 {[%clk 0:05:20]} 33. Kxf2 {[%clk
0:14:46]} Nxc6 {[%clk 0:05:45]} 34. Rd5 {[%clk 0:14:50]} f6 {[%clk 0:05:27]} 35.
Rc5 {[%clk 0:11:10]} Ne5 {[%clk 0:05:52]} 36. Ke2 {[%clk 0:11:23]} h5 {[%clk
0:05:11]} 37. Rxa5 {[%clk 0:11:45]} g4 {[%clk 0:05:08]} 38. Rxe5 {[%clk 0:10:12]}
fxe5 {[%clk 0:05:30]} 39. a4 {[%clk 0:10:41]} 1-0

[Event "European Club Cup"]
[Site "chess24.com"]
[Date "2018.10.16"]
[Round "5"]
[White "Longson, Sarah N"]
[Black "Galburd, Yan"]
[Result "0-1"]
[Board "4"]
[WhiteElo "2149"]
[WhiteTitle "WFM"]
[WhiteCountry "ENG"]
[WhiteFideId "2501465"]
[WhiteEloChange "-5"]
[BlackElo "2358"]
[BlackTitle "FM"]
[BlackCountry "ISR"]
[BlackFideId "2808528"]
[BlackEloChange "5"]

1. e4 {[%clk 1:30:59]} e6 {[%clk 1:30:29]} 2. d4 {[%clk 1:31:26]} d5 {[%clk
1:30:34]} 3. Nc3 {[%clk 1:31:52]} Bb4 {[%clk 1:30:04]} 4. exd5 {[%clk 1:28:55]}
exd5 {[%clk 1:29:39]} 5. Bd3 {[%clk 1:27:10]} Nf6 {[%clk 1:27:19]} 6. Bg5 {[%clk
1:23:50]} h6 {[%clk 1:20:53]} 7. Bh4 {[%clk 1:21:48]} O-O {[%clk 1:15:38]} 8. Ne2
{[%clk 1:20:37]} c5 {[%clk 1:06:37]} 9. dxc5 {[%clk 1:19:26]} Nc6 {[%clk
1:05:42]} 10. O-O {[%clk 1:11:37]} g5 {[%clk 1:04:19]} 11. Bg3 {[%clk 1:11:27]}
Bxc5 {[%clk 1:04:23]} 12. h4 {[%clk 1:03:39]} Nh5 {[%clk 0:52:54]} 13. Nxd5
{[%clk 0:54:19]} gxh4 {[%clk 0:52:50]} 14. Qd2 {[%clk 0:31:44]} Qg5 {[%clk
0:51:47]} 15. Qxg5+ {[%clk 0:30:02]} hxg5 {[%clk 0:52:06]} 16. Bh2 {[%clk
0:29:56]} Bg4 {[%clk 0:49:30]} 17. a3 {[%clk 0:25:43]} Rad8 {[%clk 0:42:35]} 18.
c4 {[%clk 0:21:54]} Kg7 {[%clk 0:33:14]} 19. b4 {[%clk 0:19:45]} Bd6 {[%clk
0:29:17]} 20. Bxd6 {[%clk 0:19:20]} Rxd6 {[%clk 0:29:45]} 21. f3 {[%clk 0:13:09]}
Be6 {[%clk 0:29:36]} 22. Nec3 {[%clk 0:13:06]} Ne5 {[%clk 0:26:48]} 23. Rfd1
{[%clk 0:12:19]} Bxd5 {[%clk 0:26:14]} 24. Nxd5 {[%clk 0:11:00]} b5 {[%clk
0:25:09]} 25. Bf1 {[%clk 0:07:31]} Rfd8 {[%clk 0:17:01]} 26. Rdc1 {[%clk
0:03:31]} bxc4 {[%clk 0:12:06]} 27. Ne3 {[%clk 0:03:34]} Ng3 {[%clk 0:11:52]} 28.
Nxc4 {[%clk 0:02:51]} Nxc4 {[%clk 0:11:43]} 29. Bxc4 {[%clk 0:02:26]} Rd2 {[%clk
0:11:17]} 30. Re1 {[%clk 0:01:55]} Rc8 {[%clk 0:09:10]} 31. Rac1 {[%clk 0:01:04]}
Kf6 {[%clk 0:09:04]} 32. Ba6 {[%clk 0:01:01]} Rxc1 {[%clk 0:07:48]} 33. Rxc1
{[%clk 0:01:29]} Rd6 {[%clk 0:07:07]} 34. Bc4 {[%clk 0:01:39]} Nf5 {[%clk
0:06:07]} 35. Kf2 {[%clk 0:01:02]} Rd2+ {[%clk 0:06:22]} 36. Be2 {[%clk 0:00:47]}
Ng3 {[%clk 0:05:55]} 37. Re1 {[%clk 0:01:11]} Ra2 {[%clk 0:06:01]} 38. Ke3 {[%clk
0:01:05]} Rxa3+ {[%clk 0:06:12]} 39. Kd4 {[%clk 0:01:17]} Ra2 {[%clk 0:05:56]}
40. Bc4 {[%clk 0:31:26]} Rxg2 {[%clk 0:35:38]} 41. f4 {[%clk 0:19:09]} gxf4
{[%clk 0:34:38]} 42. Bd5 {[%clk 0:18:54]} Rd2+ {[%clk 0:35:02]} 0-1

[Event "European Club Cup"]
[Site "chess24.com"]
[Date "2018.10.16"]
[Round "5"]
[White "Zlatin, Alexander"]
[Black "Walton, Alan J"]
[Result "0-1"]
[Board "5"]
[WhiteElo "2249"]
[WhiteTitle "FM"]
[WhiteCountry "ISR"]
[WhiteFideId "2810549"]
[WhiteEloChange "-13"]
[BlackElo "2152"]
[BlackTitle "CM"]
[BlackCountry "ENG"]
[BlackFideId "409898"]
[BlackEloChange "13"]

1. e4 {[%clk 1:30:56]} e6 {[%clk 1:30:56]} 2. d4 {[%clk 1:30:48]} d5 {[%clk
1:31:20]} 3. exd5 {[%clk 1:31:21]} exd5 {[%clk 1:31:45]} 4. Nf3 {[%clk 1:31:43]}
Nc6 {[%clk 1:32:04]} 5. Bb5 {[%clk 1:28:06]} Bd6 {[%clk 1:32:16]} 6. Nc3 {[%clk
1:25:14]} Ne7 {[%clk 1:31:16]} 7. Bg5 {[%clk 1:13:58]} h6 {[%clk 1:24:36]} 8. Bh4
{[%clk 1:11:50]} Be6 {[%clk 1:24:47]} 9. Ne5 {[%clk 1:09:00]} Bxe5 {[%clk
1:18:26]} 10. dxe5 {[%clk 1:07:22]} O-O {[%clk 1:13:28]} 11. Bxc6 {[%clk
1:05:53]} bxc6 {[%clk 1:13:52]} 12. O-O {[%clk 1:03:37]} Rb8 {[%clk 1:08:27]} 13.
f4 {[%clk 0:59:18]} Qd7 {[%clk 1:04:58]} 14. b3 {[%clk 0:48:37]} f6 {[%clk
0:56:51]} 15. exf6 {[%clk 0:46:50]} Ng6 {[%clk 0:57:17]} 16. Qh5 {[%clk 0:42:26]}
Nxh4 {[%clk 0:57:24]} 17. Qxh4 {[%clk 0:41:57]} Rxf6 {[%clk 0:57:46]} 18. Qf2
{[%clk 0:39:56]} a6 {[%clk 0:52:01]} 19. Qa7 {[%clk 0:36:45]} Rbf8 {[%clk
0:49:25]} 20. Qxa6 {[%clk 0:36:52]} Qd6 {[%clk 0:49:47]} 21. Qd3 {[%clk 0:34:06]}
Rxf4 {[%clk 0:47:59]} 22. Rxf4 {[%clk 0:34:35]} Rxf4 {[%clk 0:48:10]} 23. Ne2
{[%clk 0:29:41]} Qc5+ {[%clk 0:44:41]} 24. Kh1 {[%clk 0:30:10]} Bf5 {[%clk
0:43:23]} 25. Qg3 {[%clk 0:24:26]} Rf2 {[%clk 0:40:48]} 26. b4 {[%clk 0:24:15]}
Qa7 {[%clk 0:40:25]} 27. Re1 {[%clk 0:22:36]} Be4 {[%clk 0:40:36]} 28. Nf4 {[%clk
0:23:05]} g5 {[%clk 0:40:21]} 29. Qg4 {[%clk 0:21:19]} Rxf4 {[%clk 0:40:29]} 30.
Qe6+ {[%clk 0:21:46]} Kg7 {[%clk 0:40:22]} 31. Qe5+ {[%clk 0:19:31]} Kf7 {[%clk
0:40:44]} 32. Rg1 {[%clk 0:19:37]} Bxg2+ {[%clk 0:38:54]} 33. Kxg2 {[%clk
0:19:37]} Rg4+ {[%clk 0:39:20]} 34. Kh3 {[%clk 0:18:39]} Rxg1 {[%clk 0:38:26]}
35. Qf5+ {[%clk 0:17:19]} Ke7 {[%clk 0:37:51]} 36. Qe5+ {[%clk 0:15:17]} Kd8
{[%clk 0:38:11]} 37. b5 {[%clk 0:14:41]} Qa3+ {[%clk 0:37:54]} 38. c3 {[%clk
0:15:10]} Qe7 {[%clk 0:38:12]} 39. Qh8+ {[%clk 0:15:21]} Qe8 {[%clk 0:38:19]} 40.
Qf6+ {[%clk 0:43:42]} Kc8 {[%clk 1:08:43]} 0-1

[Event "European Club Cup"]
[Site "chess24.com"]
[Date "2018.10.16"]
[Round "5"]
[White "Ledger, Stephen C"]
[Black "Nahkur, Madis"]
[Result "1-0"]
[Board "6"]
[WhiteElo "2020"]
[WhiteCountry "ENG"]
[WhiteFideId "404470"]
[WhiteEloChange "10"]
[BlackElo "2013"]
[BlackCountry "EST"]
[BlackFideId "4501187"]
[BlackEloChange "-10"]

1. d4 {[%clk 1:30:53]} Nf6 {[%clk 1:30:50]} 2. Bg5 {[%clk 1:30:59]} e6 {[%clk
1:30:30]} 3. Nf3 {[%clk 1:30:40]} Be7 {[%clk 1:30:52]} 4. e3 {[%clk 1:29:30]} b6
{[%clk 1:30:49]} 5. Nbd2 {[%clk 1:27:10]} Bb7 {[%clk 1:31:02]} 6. Bd3 {[%clk
1:26:12]} O-O {[%clk 1:30:59]} 7. O-O {[%clk 1:25:43]} c5 {[%clk 1:31:02]} 8. c3
{[%clk 1:23:43]} d5 {[%clk 1:28:07]} 9. Ne5 {[%clk 1:17:55]} Ne4 {[%clk 1:23:20]}
10. Bxe7 {[%clk 1:14:55]} Qxe7 {[%clk 1:23:47]} 11. f3 {[%clk 1:09:34]} Nxd2
{[%clk 1:20:38]} 12. Qxd2 {[%clk 1:09:55]} f6 {[%clk 1:18:03]} 13. Ng4 {[%clk
1:09:47]} Nd7 {[%clk 1:15:16]} 14. Rae1 {[%clk 1:05:36]} e5 {[%clk 1:09:19]} 15.
dxe5 {[%clk 0:56:03]} fxe5 {[%clk 1:02:22]} 16. c4 {[%clk 0:50:33]} e4 {[%clk
0:38:33]} 17. Be2 {[%clk 0:45:59]} h5 {[%clk 0:35:20]} 18. Nf2 {[%clk 0:41:16]}
Ne5 {[%clk 0:29:49]} 19. fxe4 {[%clk 0:29:40]} dxe4 {[%clk 0:30:04]} 20. Nh3
{[%clk 0:21:26]} Nf3+ {[%clk 0:22:40]} 21. gxf3 {[%clk 0:18:58]} exf3 {[%clk
0:23:04]} 22. Bxf3 {[%clk 0:11:56]} Rxf3 {[%clk 0:23:11]} 23. Rxf3 {[%clk
0:11:41]} Bxf3 {[%clk 0:23:38]} 24. Rf1 {[%clk 0:10:29]} Bc6 {[%clk 0:20:32]} 25.
Qf2 {[%clk 0:08:58]} h4 {[%clk 0:15:22]} 26. Qf4 {[%clk 0:06:16]} Re8 {[%clk
0:10:47]} 27. e4 {[%clk 0:04:16]} Qxe4 {[%clk 0:05:01]} 28. Qf7+ {[%clk 0:04:11]}
Kh8 {[%clk 0:05:24]} 29. Qf8+ {[%clk 0:03:05]} Rxf8 {[%clk 0:01:24]} 30. Rxf8+
{[%clk 0:03:26]} Kh7 {[%clk 0:01:51]} 31. Ng5+ {[%clk 0:03:46]} Kg6 {[%clk
0:02:19]} 32. Nxe4 {[%clk 0:04:01]} Bxe4 {[%clk 0:02:45]} 33. Rf4 {[%clk
0:03:13]} Bb1 {[%clk 0:02:40]} 34. Rxh4 {[%clk 0:02:59]} Bxa2 {[%clk 0:02:59]}
35. Kf2 {[%clk 0:02:34]} Kf5 {[%clk 0:03:01]} 36. Ke3 {[%clk 0:01:12]} g5 {[%clk
0:02:32]} 37. Rh7 {[%clk 0:01:05]} Bxc4 {[%clk 0:02:34]} 38. Rxa7 {[%clk
0:01:25]} Bd5 {[%clk 0:01:39]} 39. Ra6 {[%clk 0:01:05]} b5 {[%clk 0:01:48]} 40.
Rb6 {[%clk 0:30:51]} Ke5 {[%clk 0:30:38]} 41. Rxb5 {[%clk 0:30:33]} Kd6 {[%clk
0:31:00]} 42. Rb8 {[%clk 0:24:11]} Ke5 {[%clk 0:29:49]} 43. Re8+ {[%clk 0:22:52]}
Kd6 {[%clk 0:25:13]} 44. Rh8 {[%clk 0:22:50]} Bf7 {[%clk 0:22:50]} 45. Rh6+
{[%clk 0:21:09]} Ke5 {[%clk 0:22:59]} 46. Rc6 {[%clk 0:20:33]} c4 {[%clk
0:13:42]} 47. Rc5+ {[%clk 0:19:35]} Kf6 {[%clk 0:10:52]} 48. Kd4 {[%clk 0:16:06]}
g4 {[%clk 0:11:16]} 49. Rxc4 {[%clk 0:14:56]} Bxc4 {[%clk 0:10:56]} 50. Kxc4
{[%clk 0:15:18]} Kg5 {[%clk 0:11:26]} 51. b4 {[%clk 0:15:34]} Kh4 {[%clk
0:11:55]} 52. b5 {[%clk 0:15:54]} Kh3 {[%clk 0:12:02]} 53. b6 {[%clk 0:16:16]}
Kxh2 {[%clk 0:12:25]} 54. b7 {[%clk 0:16:38]} g3 {[%clk 0:12:45]} 55. b8Q {[%clk
0:16:54]} Kh1 {[%clk 0:13:02]} 56. Kd3 {[%clk 0:15:04]} Kg2 {[%clk 0:10:44]} 57.
Ke2 {[%clk 0:13:48]} Kh1 {[%clk 0:11:10]} 58. Qh8+ {[%clk 0:13:49]} Kg2 {[%clk
0:11:28]} 59. Qh4 {[%clk 0:13:53]} Kg1 {[%clk 0:11:52]} 60. Qxg3+ {[%clk
0:14:07]} Kh1 {[%clk 0:12:13]} 61. Qg8 {[%clk 0:14:26]} Kh2 {[%clk 0:12:41]} 62.
Kf2 {[%clk 0:14:47]} Kh1 {[%clk 0:13:03]} 63. Qg2# {[%clk 0:15:09]} 1-0

[Event "European Club Cup"]
[Site "chess24.com"]
[Date "2018.10.16"]
[Round "5"]
[White "Arnott, Jonathan W"]
[Black "Rathlev, Jakob"]
[Result "1-0"]
[Board "4"]
[WhiteElo "2116"]
[WhiteTitle "CM"]
[WhiteCountry "ENG"]
[WhiteFideId "408077"]
[WhiteEloChange "14"]
[BlackElo "2263"]
[BlackTitle "CM"]
[BlackCountry "DEN"]
[BlackFideId "1405284"]
[BlackEloChange "-14"]

1. e4 {[%clk 1:30:55]} d5 {[%clk 1:30:50]} 2. exd5 {[%clk 1:31:00]} Qxd5 {[%clk
1:31:13]} 3. Nc3 {[%clk 1:31:24]} Qa5 {[%clk 1:31:38]} 4. Nf3 {[%clk 1:31:37]}
Nf6 {[%clk 1:31:38]} 5. Bc4 {[%clk 1:31:27]} Bg4 {[%clk 1:26:24]} 6. Qe2 {[%clk
1:27:00]} e6 {[%clk 1:23:32]} 7. Ne4 {[%clk 1:22:15]} Nbd7 {[%clk 1:17:02]} 8. h3
{[%clk 1:21:06]} Bf5 {[%clk 1:10:57]} 9. Nxf6+ {[%clk 1:19:47]} Nxf6 {[%clk
1:10:52]} 10. Nd4 {[%clk 1:18:58]} Be4 {[%clk 0:56:10]} 11. O-O {[%clk 1:07:42]}
O-O-O {[%clk 0:46:40]} 12. c3 {[%clk 1:06:06]} Qg5 {[%clk 0:42:06]} 13. f4 {[%clk
1:04:53]} Qg3 {[%clk 0:39:53]} 14. d3 {[%clk 1:04:03]} Bd5 {[%clk 0:40:15]} 15.
Bxd5 {[%clk 1:03:02]} Nxd5 {[%clk 0:39:43]} 16. Rf3 {[%clk 1:00:29]} Qh4 {[%clk
0:39:59]} 17. Bd2 {[%clk 0:50:17]} Bc5 {[%clk 0:38:51]} 18. Kh1 {[%clk 0:47:23]}
Bxd4 {[%clk 0:36:57]} 19. cxd4 {[%clk 0:47:49]} g6 {[%clk 0:24:12]} 20. Rc1
{[%clk 0:44:12]} Qe7 {[%clk 0:23:10]} 21. Bc3 {[%clk 0:35:59]} h5 {[%clk
0:23:06]} 22. Qe5 {[%clk 0:34:20]} Qd6 {[%clk 0:22:35]} 23. Re1 {[%clk 0:31:52]}
h4 {[%clk 0:19:16]} 24. Re4 {[%clk 0:24:12]} Rh5 {[%clk 0:15:38]} 25. Qxd6 {[%clk
0:24:23]} Rxd6 {[%clk 0:15:44]} 26. Re5 {[%clk 0:23:42]} Rh8 {[%clk 0:15:39]} 27.
Be1 {[%clk 0:20:36]} Rc6 {[%clk 0:14:08]} 28. Kg1 {[%clk 0:19:08]} Rc2 {[%clk
0:09:51]} 29. Rf2 {[%clk 0:17:46]} Rxf2 {[%clk 0:10:19]} 30. Bxf2 {[%clk
0:15:43]} Nxf4 {[%clk 0:10:47]} 31. Re4 {[%clk 0:15:40]} Nxd3 {[%clk 0:06:12]}
32. Bxh4 {[%clk 0:14:52]} Nxb2 {[%clk 0:04:49]} 33. Bf6 {[%clk 0:12:10]} Rh5
{[%clk 0:05:01]} 34. d5 {[%clk 0:12:11]} e5 {[%clk 0:02:14]} 35. g4 {[%clk
0:04:44]} Rxh3 {[%clk 0:02:23]} 36. Rxe5 {[%clk 0:04:29]} c5 {[%clk 0:02:04]} 37.
Re8+ {[%clk 0:02:40]} Kd7 {[%clk 0:01:35]} 38. Rd8+ {[%clk 0:02:56]} Kc7 {[%clk
0:02:05]} 39. d6+ {[%clk 0:03:15]} Kc6 {[%clk 0:02:27]} 40. Bxb2 {[%clk 0:32:18]}
Re3 {[%clk 0:31:21]} 41. Bf6 {[%clk 0:29:52]} Rg3+ {[%clk 0:22:12]} 42. Kf2
{[%clk 0:26:24]} Rxg4 {[%clk 0:22:26]} 43. Be5 {[%clk 0:23:01]} Re4 {[%clk
0:21:07]} 44. Rc8+ {[%clk 0:22:59]} Kd7 {[%clk 0:21:22]} 45. Rc7+ {[%clk
0:23:14]} Ke8 {[%clk 0:18:36]} 46. d7+ {[%clk 0:23:20]} Kf8 {[%clk 0:18:42]} 47.
d8Q# {[%clk 0:23:41]} 1-0

[Event "European Club Cup"]
[Site "chess24.com"]
[Date "2018.10.16"]
[Round "5"]
[White "Nilsson, Lars Kjoller"]
[Black "Varnam, Liam D"]
[Result "0-1"]
[Board "6"]
[WhiteElo "1948"]
[WhiteCountry "DEN"]
[WhiteFideId "1402544"]
[WhiteEloChange "-6"]
[BlackElo "2089"]
[BlackCountry "ENG"]
[BlackFideId "410950"]
[BlackEloChange "6"]

1. e4 {[%clk 1:30:57]} c5 {[%clk 1:30:54]} 2. Nf3 {[%clk 1:31:19]} Nc6 {[%clk
1:31:19]} 3. d4 {[%clk 1:31:42]} cxd4 {[%clk 1:31:41]} 4. Nxd4 {[%clk 1:32:08]}
Nf6 {[%clk 1:32:04]} 5. Nc3 {[%clk 1:32:32]} e5 {[%clk 1:32:29]} 6. Ndb5 {[%clk
1:32:55]} d6 {[%clk 1:32:50]} 7. Nd5 {[%clk 1:33:23]} Nxd5 {[%clk 1:32:50]} 8.
exd5 {[%clk 1:33:48]} Nb8 {[%clk 1:31:57]} 9. a4 {[%clk 1:33:16]} a6 {[%clk
1:30:50]} 10. Nc3 {[%clk 1:32:05]} Be7 {[%clk 1:30:38]} 11. Be2 {[%clk 1:32:13]}
O-O {[%clk 1:30:32]} 12. Be3 {[%clk 1:32:35]} f5 {[%clk 1:28:20]} 13. f4 {[%clk
1:31:10]} Bf6 {[%clk 1:17:51]} 14. a5 {[%clk 1:27:54]} exf4 {[%clk 1:07:50]} 15.
Bxf4 {[%clk 1:27:42]} Re8 {[%clk 0:57:36]} 16. O-O {[%clk 1:27:51]} b5 {[%clk
0:57:11]} 17. Qd2 {[%clk 1:16:25]} Qc7 {[%clk 0:51:10]} 18. Bf3 {[%clk 1:12:13]}
Nd7 {[%clk 0:49:13]} 19. Rae1 {[%clk 1:04:16]} Ne5 {[%clk 0:48:41]} 20. Bxe5
{[%clk 0:58:18]} Bxe5 {[%clk 0:47:37]} 21. Nd1 {[%clk 0:57:44]} Bd7 {[%clk
0:40:08]} 22. Rf2 {[%clk 0:51:15]} Qc5 {[%clk 0:32:46]} 23. b4 {[%clk 0:50:14]}
Qd4 {[%clk 0:28:20]} 24. Rf1 {[%clk 0:45:05]} Rac8 {[%clk 0:23:52]} 25. c3 {[%clk
0:34:47]} Qxd2 {[%clk 0:20:42]} 26. Rxd2 {[%clk 0:35:13]} Bxc3 {[%clk 0:20:27]}
27. Nxc3 {[%clk 0:35:39]} Rxc3 {[%clk 0:20:48]} 28. Rd4 {[%clk 0:34:44]} Re5
{[%clk 0:14:20]} 29. h4 {[%clk 0:32:42]} g6 {[%clk 0:11:49]} 30. Kf2 {[%clk
0:27:52]} Rc2+ {[%clk 0:10:14]} 31. Kg3 {[%clk 0:27:49]} h6 {[%clk 0:08:37]} 32.
Rfd1 {[%clk 0:27:15]} g5 {[%clk 0:06:40]} 33. hxg5 {[%clk 0:27:16]} hxg5 {[%clk
0:07:05]} 34. R1d2 {[%clk 0:26:04]} f4+ {[%clk 0:03:15]} 35. Kf2 {[%clk 0:25:24]}
Rc8 {[%clk 0:01:08]} 36. Be4 {[%clk 0:20:40]} Kf7 {[%clk 0:00:47]} 37. Bb1 {[%clk
0:20:19]} Re3 {[%clk 0:00:39]} 38. Be4 {[%clk 0:18:03]} Kf6 {[%clk 0:00:44]} 39.
Bf3 {[%clk 0:18:25]} Ke5 {[%clk 0:00:37]} 40. Bh5 {[%clk 0:45:57]} g4 {[%clk
0:30:40]} 41. Rd1 {[%clk 0:42:32]} Rh8 {[%clk 0:28:24]} 42. g3 {[%clk 0:41:01]}
Rf3+ {[%clk 0:27:25]} 0-1

[Event "European Club Cup"]
[Site "chess24.com"]
[Date "2018.10.16"]
[Round "5"]
[White "Drzasga, Michael"]
[Black "Hamiti, Gani"]
[Result "1/2-1/2"]
[Board "4"]
[WhiteElo "2042"]
[WhiteCountry "GER"]
[WhiteFideId "4623568"]
[WhiteEloChange "3"]
[BlackElo "2149"]
[BlackTitle "FM"]
[BlackCountry "KOS"]
[BlackFideId "4701194"]
[BlackEloChange "-3"]

1. d4 {[%clk 1:30:57]} d5 {[%clk 1:30:48]} 2. Nf3 {[%clk 1:30:25]} Nf6 {[%clk
1:31:09]} 3. Bf4 {[%clk 1:30:05]} e6 {[%clk 1:31:07]} 4. c3 {[%clk 1:29:58]} Bd6
{[%clk 1:31:23]} 5. Bxd6 {[%clk 1:29:37]} Qxd6 {[%clk 1:30:35]} 6. g3 {[%clk
1:28:54]} O-O {[%clk 1:31:02]} 7. Bg2 {[%clk 1:29:20]} b6 {[%clk 1:30:27]} 8. O-O
{[%clk 1:29:17]} Nbd7 {[%clk 1:30:21]} 9. Nbd2 {[%clk 1:28:59]} Bb7 {[%clk
1:29:57]} 10. Re1 {[%clk 1:23:16]} c5 {[%clk 1:28:31]} 11. e3 {[%clk 1:19:05]}
Rfe8 {[%clk 1:28:26]} 12. Qc2 {[%clk 1:14:47]} Rac8 {[%clk 1:27:18]} 13. Rad1
{[%clk 1:13:49]} e5 {[%clk 1:25:30]} 14. Bh3 {[%clk 1:03:38]} cxd4 {[%clk
1:22:58]} 15. exd4 {[%clk 1:03:21]} e4 {[%clk 1:22:02]} 16. Ne5 {[%clk 1:02:36]}
Rc7 {[%clk 1:21:34]} 17. Nxd7 {[%clk 1:02:37]} Nxd7 {[%clk 1:21:55]} 18. f3
{[%clk 1:01:28]} Qh6 {[%clk 1:19:31]} 19. Bf5 {[%clk 0:46:52]} Nf6 {[%clk
1:05:25]} 20. fxe4 {[%clk 0:42:56]} dxe4 {[%clk 1:05:36]} 21. Bxe4 {[%clk
0:23:08]} Rce7 {[%clk 0:57:04]} 22. Bxb7 {[%clk 0:12:28]} Rxe1+ {[%clk 0:57:05]}
23. Rxe1 {[%clk 0:11:33]} Rxe1+ {[%clk 0:57:25]} 24. Nf1 {[%clk 0:11:42]} Qe3+
{[%clk 0:54:46]} 25. Qf2 {[%clk 0:11:40]} Ng4 {[%clk 0:50:18]} 26. Qxe3 {[%clk
0:12:02]} Nxe3 {[%clk 0:50:45]} 27. Kf2 {[%clk 0:12:22]} Rxf1+ {[%clk 0:51:09]}
28. Kxe3 {[%clk 0:12:46]} Rb1 {[%clk 0:50:14]} 29. b4 {[%clk 0:10:49]} Rb2 {[%clk
0:48:54]} 30. Bd5 {[%clk 0:11:03]} Rxh2 {[%clk 0:48:58]} 31. c4 {[%clk 0:11:20]}
Kf8 {[%clk 0:49:09]} 32. c5 {[%clk 0:11:26]} Ke7 {[%clk 0:48:08]} 33. Bb3 {[%clk
0:11:00]} f5 {[%clk 0:35:41]} 34. d5 {[%clk 0:10:32]} b5 {[%clk 0:35:22]} 35. d6+
{[%clk 0:08:55]} Kd7 {[%clk 0:35:27]} 36. Kf4 {[%clk 0:07:58]} g6 {[%clk
0:35:05]} 37. Ke5 {[%clk 0:07:53]} Re2+ {[%clk 0:35:25]} 38. Kf6 {[%clk 0:07:46]}
Re4 {[%clk 0:35:32]} 39. Bg8 {[%clk 0:07:55]} f4 {[%clk 0:32:27]} 40. Bd5 {[%clk
0:35:30]} Rxb4 {[%clk 0:51:27]} 41. Be6+ {[%clk 0:35:17]} Kc6 {[%clk 0:51:27]}
42. Bd5+ {[%clk 0:32:45]} Kxd5 {[%clk 0:20:38]} 43. d7 {[%clk 0:32:47]} fxg3
{[%clk 0:19:41]} 44. d8Q+ {[%clk 0:33:06]} Kxc5 {[%clk 0:19:32]} 45. Qe7+ {[%clk
0:27:36]} Kc4 {[%clk 0:19:34]} 46. Qe4+ {[%clk 0:27:50]} Kc3 {[%clk 0:19:35]} 47.
Qe1+ {[%clk 0:28:17]} Kc4 {[%clk 0:18:26]} 48. Qe4+ {[%clk 0:28:42]} Kc5 {[%clk
0:18:40]} 49. Qe7+ {[%clk 0:29:07]} 1/2-1/2